00958nam a2200169 a 4500008004100000050001500041100002200056245004300078260003300121300001400154350000900168995014800177995014900325995014800474995014900622999001700771120416s1964 ||||||||||||||||| || u aTA 332 Hug aHughes, William F10aBasic equations of engineering science aNew YorkbMcGrraw-Hillc1964 a(8) 163p. a0.00 aANNEX COLLECTION (Main Library)D0.00e717904FCBU-MAIN LIBRARY (Kitwe)H3I1.40jTA 332 HugM4UAVAILABLEy012611ZAnnex Low-Usage Collection  aMAIN LIBRARY OPEN ACCESSD0.00e717906FCBU-MAIN LIBRARY (Kitwe)H2I1.40jTA 332 HugM3UAVAILABLEy012610ZMain Library Open Access Collection aANNEX COLLECTION (Main Library)D0.00e717907FCBU-MAIN LIBRARY (Kitwe)H4I1.40jTA 332 HugM2UAVAILABLEy012609ZAnnex Low-Usage Collection  aMAIN LIBRARY OPEN ACCESSD0.00e717905FCBU-MAIN LIBRARY (Kitwe)H1I1.40jTA 332 HugM1UAVAILABLEy012608ZMain Library Open Access Collection c84551d84551